|
|
|
|
| LEADER |
01511nam a2200277 a 4500 |
| 001 |
12645195 |
| 008 |
100308s2002 nyua 001 0 eng d |
| 010 |
|
|
|a 2002265322
|
| 020 |
|
|
|a 0071380892
|
| 040 |
|
|
|a UKM
|c UKM
|d DLC
|d BD-DhAAL
|
| 082 |
0 |
0 |
|a 004.6/8
|2 21
|
| 100 |
1 |
|
|a Held, Gilbert,
|d 1943-
|
| 245 |
1 |
0 |
|a Deploying wireless LANs :
|b concepts, operation, and utilization /
|c Gilbert Held.
|
| 260 |
|
|
|a New York :
|b McGraw-Hill,
|c c2002.
|
| 300 |
|
|
|a xviii, 314 p. :
|b ill. ;
|c 24 cm.
|
| 490 |
0 |
|
|a McGraw-Hill telecom professional
|
| 504 |
|
|
|a Includes index.
|
| 541 |
1 |
|
|e 00019900
|
| 650 |
|
0 |
|a Wireless LANs.
|
| 852 |
4 |
|
|a Ayesha Abed Library
|j General shelf
|
| 999 |
|
|
|c 7718
|d 7718
|
| 952 |
|
|
|0 0
|1 0
|2 ddc
|4 0
|6 004_680000000000000_HEL_2002
|7 0
|9 8471
|a BRACUL
|b BRACUL
|c GEN
|d 2010-03-08
|l 7
|o 004.68 HEL
|p 3010019900
|r 2010-04-06
|s 2010-03-29
|t 1
|w 2010-03-08
|y BK
|
| 952 |
|
|
|0 0
|1 0
|2 ddc
|4 0
|6 004_680000000000000_HEL_2002
|7 0
|9 8472
|a BRACUL
|b BRACUL
|c GEN
|d 2010-03-08
|l 1
|m 17
|o 004.68 HEL
|p 3010019901
|r 2017-01-09
|s 2016-09-18
|t 2
|w 2010-03-08
|y BK
|
| 952 |
|
|
|0 0
|1 0
|2 ddc
|4 0
|6 004_680000000000000_HEL_2002
|7 0
|9 8473
|a BRACUL
|b BRACUL
|c GEN
|d 2010-03-08
|l 0
|o 004.68 HEL
|p 3010019902
|r 2010-03-08
|t 3
|w 2010-03-08
|y BK
|
| 952 |
|
|
|0 0
|1 0
|2 ddc
|4 0
|6 004_680000000000000_HEL_2002
|7 0
|9 8474
|a BRACUL
|b BRACUL
|c GEN
|d 2010-03-08
|l 2
|m 21
|o 004.68 HEL
|p 3010019903
|r 2017-01-01
|s 2016-10-18
|t 4
|w 2010-03-08
|y BK
|
| 952 |
|
|
|0 0
|1 0
|2 ddc
|4 0
|6 004_680000000000000_HEL_2002
|7 0
|9 8475
|a BRACUL
|b BRACUL
|c GEN
|d 2010-03-08
|l 0
|o 004.68 HEL
|p 3010019904
|r 2010-03-08
|t 5
|w 2010-03-08
|y BK
|